Robotertechnik: Technik-Worterbuch. Englisch. Deutsch. Franzosisch. Russisch; mit etwa 7000 Wortstellen
| Hlavní autor: | |
|---|---|
| Další autoři: | |
| Jazyk: | němčina angličtina francouzština ruština |
| Vydáno: |
Berlin, Verlag Technik, 1986
|
| Témata: | |
| Médium: | MixedMaterials Kniha |
| KOHA link: | https://koha.lib.tpu.ru/cgi-bin/koha/opac-detail.pl?biblionumber=272735 |
MARC
| LEADER | 00000nam0a2200000 4500 | ||
|---|---|---|---|
| 001 | 272735 | ||
| 005 | 20231101234549.0 | ||
| 010 | |a 3341000984 | ||
| 035 | |a (RuTPU)RU\TPU\book\295944 | ||
| 090 | |a 272735 | ||
| 100 | |a 20141021d1986 km y0gery50 ba | ||
| 101 | 0 | |a ger |a eng |a fre |a rus | |
| 102 | |a DE | ||
| 105 | |a y e 000zy | ||
| 200 | 1 | |a Robotertechnik |e Technik-Worterbuch. Englisch. Deutsch. Franzosisch. Russisch |e mit etwa 7000 Wortstellen |f E. Bürger, G. Korzak | |
| 210 | |a Berlin |c Verlag Technik |d 1986 | ||
| 215 | |a 276 s. | ||
| 606 | 1 | |a Робототехника |2 stltpush |3 (RuTPU)RU\TPU\subj\25261 |9 49463 | |
| 610 | 1 | |a промышленная робототехника | |
| 610 | 1 | |a роботы | |
| 610 | 1 | |a роботы с ЧПУ | |
| 610 | 1 | |a роботы-манипуляторы | |
| 610 | 1 | |a многоязычные словари | |
| 610 | 1 | |a русский язык | |
| 610 | 1 | |a немецкий язык | |
| 610 | 1 | |a английский язык | |
| 610 | 1 | |a французский язык | |
| 610 | 1 | |a терминологические словари | |
| 675 | |a 621.865.8(031) |v 3 | ||
| 700 | 1 | |a Bürger |b E. |g Erich | |
| 701 | 1 | |a Korzak |b G. |g Günter | |
| 801 | 1 | |a RU |b 63413507 |c 20141021 | |
| 801 | 2 | |a RU |b 63413507 |c 20150904 |g RCR | |
| 942 | |c BK | ||